[Event "RSA-chT Regions"]
[Site "Boksburg"]
[Date "2020.01.11"]
[Round "5.2"]
[White "Oberholzer, Francois"]
[Black "Mpya, Tshediso M"]
[Result "0-1"]
[WhiteElo "2077"]
[BlackElo "1911"]
[PlyCount "102"]
[EventDate "2020.01.09"]
[EventType "team-swiss"]
[EventRounds "7"]
[EventCountry "RSA"]
[SourceTitle "CBM 194 Extra"]
[Source "ChessBase"]
[SourceDate "2020.03.31"]
[SourceVersion "1"]
[SourceVersionDate "2020.03.31"]
[SourceQuality "1"]
[WhiteTeam "Johannesburg Lions"]
[BlackTeam "Ekurhuleni Coaches"]
[WhiteTeamCountry "RSA"]
[BlackTeamCountry "RSA"]

1. e4 c6 2. d4 d5 3. Nc3 dxe4 4. Nxe4 Nf6 5. Nxf6+ exf6 6. c3 Bd6 7. Bd3 0-0 8. Qc2 Re8+ 9. Ne2 h6 10. 0-0 Qc7 11. h3 Nd7 12. Be3 Nf8 13. Rfe1 Be6 14. c4 Qd7 15. Ng3 Rad8 16. a3 Qc7 17. Nh5 Be7 18. Rad1 g6 19. Ng3 f5 20. Bxh6 Rxd4 21. Qc3 Bf6 22. Bxf8 Rxf8 23. Ne2 c5 24. Nxd4 Bxd4 25. Qc2 Kg7 26. b4 b6 27. b5 Rh8 28. Bf1 Qe7 29. Qd3 Qg5 30. Qf3 Qf6 31. Qb7 g5 32. Qxa7 g4 33. Qxb6 gxh3 34. Rxe6 h2+ 35. Kh1 fxe6 36. Qc7+ Kg6 37. Qg3+ Kf7 38. a4 Ra8 39. a5 f4 40. Qa3 Qh4 41. g3 Qg4 42. Rxd4 cxd4 43. Kxh2 f3 44. Bg2 Rh8+ 45. Kg1 fxg2 46. Kxg2 Qh3+ 47. Kf3 Qh1+ 48. Kf4 Rh5 49. f3 Qe1 50. Qd3 Qe5+ 51. Kg4 Qg5# 0-1

[Event "Sandton SWVG blitz op"]
[Site "Sandton"]
[Date "2019.05.19"]
[Round "7"]
[White "Makoto, Rodwell"]
[Black "Mpya, Tshediso M"]
[Result "1-0"]
[WhiteElo "2299"]
[BlackElo "1925"]
[PlyCount "48"]
[EventDate "2019.05.19"]
[EventType "swiss (blitz)"]
[EventRounds "10"]
[EventCountry "RSA"]
[SourceTitle "CBM 190 Extra"]
[Source "ChessBase"]
[SourceDate "2019.07.15"]
[SourceVersion "1"]
[SourceVersionDate "2019.07.15"]
[SourceQuality "1"]

1. Nf3 Nf6 2. c4 g6 3. g3 Bg7 4. Bg2 0-0 5. 0-0 d6 6. d4 Bf5 7. Nc3 c6 8. h3 d5 9. cxd5 cxd5 10. Qb3 b6 11. Ne5 Be6 12. Bf4 Ne4 13. Rfd1 Nxc3 14. bxc3 Bxe5 15. dxe5 Nc6 16. Bxd5 Na5 17. Qb5 a6 18. Qd3 Qc8 19. Bxa8 Qxa8 20. g4 Nc4 21. Qg3 Kg7 22. Qh4 Kg8 23. Qxe7 Qe4 24. Qf6 Re8 1-0

[Event "Sandton SWVG blitz op"]
[Site "Sandton"]
[Date "2019.05.19"]
[Round "4"]
[White "Mpya, Tshediso M"]
[Black "Khumalo, Keith"]
[Result "0-1"]
[WhiteElo "1925"]
[BlackElo "1916"]
[PlyCount "66"]
[EventDate "2019.05.19"]
[EventType "swiss (blitz)"]
[EventRounds "10"]
[EventCountry "RSA"]
[SourceTitle "CBM 190 Extra"]
[Source "ChessBase"]
[SourceDate "2019.07.15"]
[SourceVersion "1"]
[SourceVersionDate "2019.07.15"]
[SourceQuality "1"]

1. d4 Nf6 2. Bf4 g6 3. Nc3 d6 4. Qd2 Bg7 5. e4 c6 6. Bd3 0-0 7. h4 Nbd7 8. Nf3 b5 9. a3 Re8 10. e5 Nh5 11. Bh2 dxe5 12. dxe5 f5 13. 0-0 Nc5 14. Rad1 Nxd3 15. cxd3 Be6 16. d4 Bb3 17. Rc1 e6 18. Ne2 Bc4 19. Rfe1 Qe7 20. Nf4 Bh6 21. Bg3 Bd5 22. Nxd5 Bxd2 23. Nxe7+ Rxe7 24. Nxd2 Rd7 25. Rxc6 Rxd4 26. Nf3 Rd3 27. Rxe6 Rc8 28. Re7 Rb3 29. Rxa7 Rxb2 30. Rd1 Re2 31. Rdd7 f4 32. Bxf4 Nxf4 33. Rg7+ Kf8 0-1

[Event "Africa-ch U2000 op"]
[Site "Windhoek"]
[Date "2019.01.01"]
[Round "2.6"]
[White "Mpya, Tshediso M"]
[Black "Antonio, Apolinario"]
[Result "1-0"]
[WhiteElo "1984"]
[BlackElo "1913"]
[PlyCount "75"]
[EventDate "2018.12.31"]
[EventType "swiss"]
[EventRounds "9"]
[EventCountry "NAM"]
[SourceTitle "EXT 2024"]
[Source "ChessBase"]
[SourceDate "2023.10.10"]
[SourceVersion "1"]
[SourceVersionDate "2023.10.10"]
[SourceQuality "1"]

1. d4 Nf6 2. Nf3 d5 3. Bf4 c5 4. e3 Bg4 5. Be2 Nc6 6. c3 e6 7. h3 Bxf3 8. Bxf3 cxd4 9. exd4 Qb6 10. Qb3 Qxb3 11. axb3 Be7 12. b4 b6 13. 0-0 0-0 14. Nd2 Ne8 15. b5 Na5 16. c4 Nf6 17. c5 Nb7 18. b4 h6 19. Ra6 g5 20. Bh2 bxc5 21. bxc5 Nxc5 22. dxc5 Bxc5 23. Rc1 Rfc8 24. Rc6 Rxc6 25. bxc6 Bb6 26. c7 Rc8 27. Be2 Ne8 28. Ba6 Rxc7 29. Bxc7 Nxc7 30. Bd3 e5 31. Bf5 Kg7 32. Nb3 Nb5 33. Bd7 Nd6 34. Nd2 e4 35. Rc6 e3 36. Rxd6 exd2 37. Rxd5 Ba5 38. Kf1 1-0

[Event "South African op"]
[Site "Durban"]
[Date "2017.07.15"]
[Round "2"]
[White "Nkuna, Windsor"]
[Black "Mpya, Tshediso M"]
[Result "1-0"]
[WhiteElo "1437"]
[BlackElo "1897"]
[PlyCount "81"]
[EventDate "2017.07.14"]
[EventType "swiss"]
[EventRounds "11"]
[EventCountry "RSA"]
[SourceTitle "EXT 2018"]
[Source "ChessBase"]
[SourceDate "2017.10.13"]
[SourceVersion "1"]
[SourceVersionDate "2017.10.13"]
[SourceQuality "1"]

1. d4 d5 2. c4 c6 3. Nc3 Nf6 4. Nf3 a6 5. cxd5 cxd5 6. Bg5 e6 7. e3 Be7 8. Bd3 h6 9. Bf4 Nc6 10. 0-0 0-0 11. a3 Nh5 12. Ne2 Nxf4 13. Nxf4 Qd6 14. Rc1 Bd7 15. Bb1 g5 16. Nh5 f5 17. h3 Be8 18. Rxc6 bxc6 19. Ne5 c5 20. f4 cxd4 21. exd4 Bf6 22. Nxf6+ Rxf6 23. Qd3 Ra7 24. Qg3 Rg7 25. Rc1 Qb6 26. Qf2 Rc7 27. Rd1 Ba4 28. Rd3 Rc1+ 29. Kh2 Rxb1 30. fxg5 Rxb2 31. Qg3 f4 32. Qg4 Bd1 33. Rxd1 h5 34. Qxh5 Qb3 35. Rg1 Qg3+ 36. Kh1 Rf5 37. Qe8+ Kg7 38. Qe7+ Kh8 39. Ng6+ Kg8 40. Qxe6+ Rf7 41. Ne5 1-0

[Event "Pretoria Waterkloof op"]
[Site "Pretoria"]
[Date "2015.03.08"]
[Round "6"]
[White "Mpya, Tshediso M"]
[Black "Mazo, Donald"]
[Result "0-1"]
[WhiteElo "1989"]
[BlackElo "1931"]
[PlyCount "42"]
[EventDate "2015.03.05"]
[EventType "swiss"]
[EventRounds "6"]
[EventCountry "RSA"]
[SourceTitle "CBM 165 Extra"]
[Source "ChessBase"]
[SourceDate "2015.04.21"]
[SourceVersion "1"]
[SourceVersionDate "2015.04.21"]
[SourceQuality "1"]

1. d4 Nf6 2. c4 e6 3. Bg5 Be7 4. Nc3 b6 5. Bxf6 Bxf6 6. e4 g6 7. f4 Bb7 8. Nf3 d6 9. Bd3 Nd7 10. 0-0 e5 11. Nd5 exd4 12. Nxf6+ Qxf6 13. g3 0-0 14. Qd2 c5 15. g4 Rae8 16. Rae1 Qg7 17. Rf2 Nf6 18. e5 Nxg4 19. f5 dxe5 20. Rff1 e4 21. f6 Nxf6 0-1